000 01414nam a2200253Ia 4500
003 Ost
005 20260507075715.0
008 260507s9999||||xx |||||||||||||| ||und||
020 _a9789931748459
040 _cfsecg
041 _aara
082 _a378
100 _aشوتري، أمال
_eمؤلف
245 0 _aالجامعة الجزائرية: في ظل الاتجاهات الحديثة للتعليم العالي /
_c أمال شوتري
260 _aالجزائر:
_bدار الباحث للطباعة والنشر والتوزيع,
_c2021
300 _a152 صفحة؛
_bإيضاحات ؛
_c24 سم
504 _aمراجع ص.148 .
520 _aالسيناريوهات المحتملة لمستقبل التعليم العالي بالجزائرواشكالية التعامل مع تكنولوجيا المعلومات والاتصال، والتعليم العالي في الجزائر ومنطق العلاج بالصدمة، وأخيرا الادارة الحديثة للأداء في مؤسسات التعليم العاليفي عصر المعرفة، والتخطيط الاستراتيجي في الجامعات بين الحتمية والتقليد.
653 _aالتعليم العالي
653 _aالجامعة: الجزائر
700 _aبونقيب، أحمد
_eمؤلف ثانوي
700 _aشيخة، ليلى
_eمؤلف ثانوي
942 _cكتاب
999 _c45914
_d45914